|
|
|
|
| LEADER |
02429nam a2200637 4500 |
| 001 |
ocn922324098 |
| 003 |
OCoLC |
| 005 |
20170124070337.3 |
| 006 |
m o d |
| 007 |
cr ||||||||||| |
| 008 |
151106s2016 enk ob 001 0 eng |
| 010 |
|
|
|a 2015043749
|
| 040 |
|
|
|a DLC
|b eng
|e rda
|c DLC
|d YDX
|d N$T
|d IDEBK
|d YDXCP
|d OCLCF
|d CDX
|d DG1
|d DEBSZ
|d DEBBG
|d KSU
|d CCO
|d GrThAP
|
| 019 |
|
|
|a 922562758
|a 961621152
|
| 020 |
|
|
|a 9781119072461 (Adobe PDF)
|
| 020 |
|
|
|a 1119072468 (Adobe PDF)
|
| 020 |
|
|
|a 9781119072485 (ePub)
|
| 020 |
|
|
|a 1119072484 (ePub)
|
| 020 |
|
|
|z 9781118745878 (cloth)
|
| 020 |
|
|
|a 9781119072454
|
| 020 |
|
|
|a 111907245X
|
| 020 |
|
|
|z 1118745876
|
| 029 |
1 |
|
|a DEBSZ
|b 473871963
|
| 029 |
1 |
|
|a DEBBG
|b BV043738063
|
| 035 |
|
|
|a (OCoLC)922324098
|z (OCoLC)922562758
|z (OCoLC)961621152
|
| 042 |
|
|
|a pcc
|
| 050 |
0 |
0 |
|a QA76.9.D3
|
| 072 |
|
7 |
|a COM
|x 021030
|2 bisacsh
|
| 082 |
0 |
0 |
|a 005.7
|2 23
|
| 049 |
|
|
|a MAIN
|
| 245 |
0 |
0 |
|a Methodological developments in data linkage /
|c edited by Katie Harron, Harvey Goldstein and Chris Dibben.
|
| 264 |
|
1 |
|a Chichester, West Sussex, United Kingdom :
|b Wiley,
|c 2016.
|
| 300 |
|
|
|a 1 online resource.
|
| 336 |
|
|
|a text
|b txt
|2 rdacontent
|
| 337 |
|
|
|a computer
|b n
|2 rdamedia
|
| 338 |
|
|
|a online resource
|b nc
|2 rdacarrier
|
| 490 |
1 |
|
|a Wiley series in probability and statistics
|
| 504 |
|
|
|a Includes bibliographical references and index.
|
| 588 |
|
|
|a Description based on print version record and CIP data provided by publisher.
|
| 650 |
|
0 |
|a Database management.
|
| 650 |
|
0 |
|a Linked data.
|
| 650 |
|
0 |
|a Relational databases.
|
| 650 |
|
0 |
|a Big data.
|
| 650 |
|
7 |
|a COMPUTERS / Databases / Data Mining
|2 bisacsh
|
| 650 |
|
7 |
|a Big data.
|2 fast
|0 (OCoLC)fst01892965
|
| 650 |
|
7 |
|a Database management.
|2 fast
|0 (OCoLC)fst00888037
|
| 650 |
|
7 |
|a Linked data.
|2 fast
|0 (OCoLC)fst01896555
|
| 650 |
|
7 |
|a Relational databases.
|2 fast
|0 (OCoLC)fst01093575
|
| 655 |
|
4 |
|a Electronic books.
|
| 700 |
1 |
|
|a Harron, Katie,
|e editor.
|
| 700 |
1 |
|
|a Goldstein, Harvey,
|d 1939-
|e editor.
|
| 700 |
1 |
|
|a Dibben, Chris,
|e editor.
|
| 776 |
0 |
8 |
|i Print version:
|t Methodological developments in data linkage
|d Chichester, West Sussex, United Kingdom : John Wiley & Sons Inc., 2016
|z 9781118745878
|w (DLC) 2015035007
|
| 830 |
|
0 |
|a Wiley series in probability and statistics.
|
| 856 |
4 |
0 |
|u https://doi.org/10.1002/9781119072454
|z Full Text via HEAL-Link
|
| 994 |
|
|
|a 92
|b DG1
|